SSBU - Geister aus der "Super Mario"-Serie - Statistiken

Allgemein
  • Dieses Quiz wurde 3 mal gespielt
  • Das Durchschnittsergebnis liegt bei 24 aus 151
Antwortstatistiken
Antwort Kategorie Rang Typ Gabe Erstauftritt % Korrekt
Luigi Kämpfer - - - Mario Bros.
100%
Luigi (Mario Golf: Super Rush) Primär Profi Griff Schlag-Items ↑ Mario Golf: Super Rush
100%
Luigi (Mario Tennis Aces) Sub Profi Support Waffenangriffe ↑ Mario Tennis Aces
100%
Mario Kämpfer - - - Donkey Kong
100%
Mario (Mario Golf: Super Rush) Primär Ass Angriff Tempo ↑ Mario Golf: Super Rush
100%
Mario (Mario Tennis Aces) Sub Ass Support Kritische Treffer ↑ Mario Tennis Aces
100%
Birdo Primär Ass Griff - Super Mario Bros. 2
67%
Bowser Kämpfer - - - Super Mario Bros.
67%
Bowser Jr. Kämpfer - - - Super Mario Sunshine
67%
Daisy Kämpfer - - - Super Mario Land
67%
Gumba Primär Junior Neutral Beinangriffe ↑ Super Mario Bros.
67%
Iggy Kämpfer - - - Super Mario Bros. 3
67%
Koopa Sub Junior Support + Grüner Panzer Mario Bros.
67%
Larry Kämpfer - - - Super Mario Bros. 3
67%
Lemmy Kämpfer - - - Super Mario Bros. 3
67%
Ludwig Kämpfer - - - Super Mario Bros. 3
67%
Morton Kämpfer - - - Super Mario Bros. 3
67%
Peach Kämpfer - - - Super Mario Bros.
67%
Peach (Mario Golf: Super Rush) Sub Profi Support Schlag-Items ↑ Mario Golf: Super Rush
67%
Rosalina Kämpfer - - - Super Mario Galaxy
67%
Roy Kämpfer - - - Super Mario Bros. 3
67%
Wendy Kämpfer - - - Super Mario Bros. 3
67%
Blooper Primär Junior Abwehr Gewicht ↓ Super Mario Bros.
33%
Dr. Mario Kämpfer - - - Dr. Mario
33%
Farbian Sub Junior Support Wasser-/Eisabwehr ↑ Paper Mario: Color Splash
33%
Feuerblume Sub Junior Support + Feuerblume Super Mario Bros.
33%
Honigkönigin Aktivitätsleiter - - - Super Mario Galaxy
33%
Kamek Primär Profi Griff Magieangriffe ↑ Super Mario World
33%
Katzen-Peach Primär Ass Abwehr Gewicht ↓ Super Mario 3D World
33%
Knochen-Bowser Primär Legende Abwehr Feuerangriffe ↑ New Super Mario Bros.
33%
König Buu Huu Primär Profi Neutral Schwebesprünge Luigi's Mansion
33%
Lakitu & Stachi Primär Profi Griff Gewicht ↓ Super Mario Bros.
33%
Lubba Sub Profi Support Spiegelungsschutz Super Mario Galaxy 2
33%
Luma Sub Profi Support + Super-Sternenring Super Mario Galaxy
33%
Metall-Mario Primär Ass Abwehr Gewicht ↑ Mario Golf
33%
Mopsie Sub Profi Support Item-Magnet New Super Mario Bros. U
33%
Mutant-Tyranha Primär Ass Griff Riese Super Mario Sunshine
33%
Mutant-Tyranha (Mario Strikers) Primär Profi Griff - Mario Strikers Charged Football
33%
Piranha-Pflanze Kämpfer - - - Super Mario Bros.
33%
Shy Guy Primär Junior Neutral Armangriffe ↑ Super Mario Bros. 2
33%
Toad Primär Profi Griff - Super Mario Bros.
33%
Toadette Aktivitätsleiter - - - Mario Kart: Double Dash!!
33%
Waluigi Primär Ass Neutral Beinangriffe ↑ Mario Tennis 64
33%
Waluigi (Mario Strikers) Primär Profi Griff Beinangriffe ↑ Mario Strikers Charged Football
33%
Wiggler Sub Junior Support +Lip's Stick Super Mario World
33%
Antasma Sub Profi Support + Todessense Mario & Luigi: Dream Team Bros.
0%
Aubergine Primär Junior Abwehr - Wrecking Crew
0%
Baby Peach Sub Profi Support Luftabwehr ↑ Mario & Luigi: Zusammen durch die Zeit
0%
Barbara Primär Profi Abwehr Gewicht ↓ Paper Mario: Die Legende vom Äonentor
0%
Baumeister-Mario Kämpfer - - - Super Mario Maker
0%
Billy Balla-Balla & Kopftopf Sub Junior Support + Sternenzepter Mario Party 8
0%
Blockhard Primär Junior Abwehr - Mario & Luigi: Abenteuer Bowser
0%
Blümchenmobil Sub Junior Support + Feuerbarriere Mario Kart: Double Dash!!
0%
Bob-Cheep Primär Junior Griff Tempo ↑ Mario Kart Wii
0%
Bob-omb Sub Profi Support + Bob-omb Super Mario Bros. 2
0%
Bolide Sub Ass Support Spezial Standard ↑ Mario Kart DS
0%
Bowser (Bräutigam) Primär Ass Griff - Super Mario Odyssee
0%
Bumm Bumm Primär Profi Angriff - Super Mario Bros. 3
0%
Bumm Bumm & Pom Pom Primär Ass Angriff Starker Smash Super Mario 3D Land
0%
Buu Huu Primär Junior Neutral - Super Mario Bros. 3
0%
Cappy Sub Profi Support Würfe ↑ Super Mario Run
0%
Cool-Cabrio Primär Ass Abwehr Tempo ↑ Mario Kart 8
0%
Die Odyssee Sub Profi Support Sturmresistenz Super Mario Odyssee
0%
Dimenzio Primär Profi Griff Gewicht ↓ Super Paper Mario
0%
Dreckweg 08/17 Sub Profi Support Klebeschutz Super Mario Sunshine
0%
Dudu-Buggy Primär Profi Angriff Gewicht ↓ Mario Kart: Double Dash!!
0%
Elefant-Mario Sub Ass Support Langsame Superrüstung Super Mario Bros. Wonder
0%
Eponator Primär Legende Griff Tempo ↑ Mario Kart 8
0%
Fashion-Scooter Sub Ass Support 0%-Angriff/-Tempo ↑ Mario Kart 8
0%
Fechterin Peach Primär Profi Angriff Schwertangriffe ↑ Princess Peach: Showtime!
0%
Feenprinzessinnen Sub Profi Support + Feenflasche Super Mario 3D World
0%
Fels-Mario Sub Profi Support Physische Angriffe ↑ Super Mario Galaxy 2
0%
Flughörnchen-Toad Sub Profi Support Hebe-/Meteorangriffe ↑ New Super Mario Bros. U
0%
Football-Chuck Primär Junior Angriff - Super Mario World
0%
Froster Sub Junior Support + Froster Mario Bros.
0%
Fuchs-Luigi Sub Ass Support Ausweich-Helfer ↑ Super Mario Bros. 3
0%
Geist-Mario Sub Junior Support Fliegengewicht Super Mario Galaxy
0%
Geno Primär Legende Angriff - Super Mario RPG: Legend of the Seven Stars
0%
Giga-Katzen-Mario Primär Profi Abwehr Sprung ↑ Super Mario 3D World + Bowser's Fury
0%
Glitzerstern Sub Profi Support 0%-Kraft ↑ Mario & Luigi: Abenteuer Bowser
0%
Goldener Turbo-Pilz Sub Ass Support Riese Mario Kart 64
0%
Gold-Mario Sub Legende Support Superrüstung New Super Mario Bros. 2
0%
Gourmet-Luma Sub Junior Support Wandlungsdauer ↑ Super Mario Galaxy
0%
Großschein Sub Junior Support + Großschein Super Mario World
0%
Hammer-Bruder Primär Profi Griff Sprung ↑ Super Mario Bros.
0%
Insigne der Sonne Sub Legende Support Spezialtechniken ↑ Super Mario Sunshine
0%
Kammy Koopa Primär Junior Angriff Magieangriffe ↑ Paper Mario
0%
Kapitän Toad Primär Ass Griff Item-Magnet Super Mario Galaxy
0%
Karton-Koloss Mario Primär Junior Angriff Feuerabwehr ↓ Mario & Luigi: Paper Jam Bros.
0%
Kätzchen Sub Junior Support Fliegengewicht Super Mario 3D World + Bowser's Fury
0%
Kettenhund Primär Profi Angriff Gewicht ↑ Super Mario Bros. 3
0%
Kid Sub Junior Support Ausdauer ↑ Mario Golf
0%
Kokoloko Sub Profi Support Sprintangriffe ↑ Mario Kart: Double Dash!!
0%
König Bob-omb Primär Profi Angriff Würfe ↑ Super Mario 64
0%
Königin der Finsternis Primär Ass Angriff - Paper Mario: Die Legende vom Äonentor
0%
König Olly Primär Ass Angriff - Paper Mario: The Origami King
0%
Krabbe Sub Junior Support Tempo ↑ + Nachteil Mario Bros.
0%
Krankfried Primär Profi Neutral Elektroangriffe ↑ Mario & Luigi: Superstar Saga
0%
Kugelwilli Primär Junior Angriff - Super Mario Bros.
0%
Mallow Sub Profi Support Angriff ↑ + Nachteil Super Mario RPG: Legend of the Seven Stars
0%
Mario (Bräutigam) Kämpfer - - - Super Mario Odyssee
0%
Mario Morgana Primär Ass Neutral - Super Mario Sunshine
0%
Mauser Primär Junior Griff - Super Mario Bros. 2
0%
Maxi-Igluck Primär Profi Abwehr Elektroabwehr ↓ New Super Mario Bros. Wii
0%
Meister L Primär Profi Angriff Wasserabwehr ↓ Super Paper Mario
0%
Mini-Mario Primär Profi Neutral - Mario vs. Donkey Kong
0%
Mini-Mario & Hämmer Primär Ass Neutral Hammer-Dauer ↑ Mario vs. Donkey Kong 2: Marsch der Mini-Marios
0%
Möchtegern-Pflanze Primär Junior Griff - Super Mario Bros. 3
0%
Mücken & Händchen Sub Profi Support Schlag-Items ↑ Mario Paint
0%
Olivia Sub Profi Support Luftabwehr ↑ Paper Mario: The Origami King
0%
Palmas Sub Junior Support + Bananenkanone Super Mario Sunshine
0%
Papier-Bowser Primär Ass Angriff - Paper Mario
0%
Papier-Bowser (Paper Mario: Sticker Star) Primär Legende Angriff + Curry Paper Mario: Sticker Star
0%
Papier-Mario Primär Ass Neutral Wasserabwehr ↓ Paper Mario
0%
Pauline Sub Legende Support Heilungsschild Donkey Kong
0%
Peach (Braut) Sub Ass Support Notfall-Heilung Super Mario Odyssee
0%
Peachette Primär Ass Abwehr Sprung ↑ New Super Mario Bros. U Deluxe
0%
Peach (Paper Mario: The Origami King) Sub Junior Support Schwebesprünge Paper Mario: The Origami King
0%
Peach & Stella Primär Legende Griff Sprung ↑ Princess Peach: Showtime!
0%
Perry Sub Junior Support Schwebesprünge Super Princess Peach
0%
Plessie Sub Junior Support Schwimmer Super Mario 3D World
0%
Polterpinscher Sub Profi Support Einrammschutz Luigi's Mansion 2
0%
Prinzessin Shroob Primär Profi Neutral - Mario & Luigi: Zusammen durch die Zeit
0%
Prinz Mamek Primär Junior Abwehr - Mario & Luigi: Superstar Saga
0%
Professor Immanuel Gidd Sub Profi Support Energieschüsse/-abwehr ↑ Luigi's Mansion
0%
Pünktchen-Kart Primär Profi Griff Gewicht ↓ Mario Kart 8
0%
Rabbid-Kong Primär Junior Angriff Gewicht ↑ Mario + Rabbids Kingdom Battle
0%
Rabbid-Mario Primär Profi Angriff Sprung ↑ Mario + Rabbids Kingdom Battle
0%
Rabbid-Peach Primär Profi Abwehr Sprung ↑ Mario + Rabbids Kingdom Battle
0%
Raft-Abenteuer Sub Profi Support Hinfallschutz Super Mario Party
0%
Raumschiff Mario Sub Profi Support Sprung ↑ ↑ Super Mario Galaxy 2
0%
Riesen-Kugelwilli Primär Profi Angriff Lauframme Super Mario World
0%
Robo-Koopa Sub Profi Support Feuerbodenresistenz Super Mario World
0%
Schreckweg 09/15 Sub Profi Support Nebelschutz Luigi's Mansion 2
0%
Standard-Bike Sub Junior Support 0%-Tempo ↑ Mario Kart 8
0%
Standard-Kart Sub Junior Support + Bumerang Super Mario Kart
0%
Steinblock Sub Profi Support Waffenresistenz ↑ Super Mario Bros. 3
0%
Superpilz Sub Profi Support Speise-Stärkung ↑ Super Mario Bros.
0%
Superstern Sub Ass Support Ersttreffer-Bonus Super Mario Bros.
0%
Tatanga Primär Profi Abwehr - Super Mario Land
0%
Taubnus Sub Profi Support Luftangriffe ↑ Super Mario Bros. 2
0%
Toadsworth Sub Junior Support + Gemeiner Laufpilz Super Mario Sunshine
0%
Traumbert Primär Junior Abwehr - Mario & Luigi: Dream Team Bros.
0%
Turboflitzer Sub Profi Sub Kopfstandschutz Mario Kart 8
0%
Viren Sub Profi Support Giftresistenz Dr. Mario
0%
Wanda Sub Junior Support Magieangriffe ↑ Mario & Wario
0%
Willi Primär Profi Griff - Super Mario Bros. 2
0%
Wunderblume & Plauderblume Sub Junior Support + Feuerblume Super Mario Bros. Wonder
0%
Würfel Sub Junior Support Schnelles Befreien Mario Party
0%
Wut-Bowser Primär Legende Angriff Feuerangriffe ↑ Super Mario 3D World + Bowser's Fury
0%
Yoshi-Turbo Sub Profi Support Wurf-Items ↑ Mario Kart: Double Dash!!
0%
Keine übereinstimmenden Quizze gefunden
Verteilung der Resultate
Anzahl Personen mit jedem Resultat
Perzentil nach korrekt beantworteten Fragen
Ihre Resultats-Entwicklung
Sie haben dieses Quiz noch nicht gespielt